01333nam a2200385 i 450000100060000000300080000600500170001400600190003100700150005000800410006502000270010603500230013303500240015603500250018003500220020504000310022705000210025808000100027908200180028910000330030724500630034026400710040330000470047433600310052133700330055233800430058550000230062858801290065165000200078065000280080065000140082865000160084265500270085885600620088526237FlNmELB20241216215903.0m o d | cr cnu||||||||170908s2012 sp o 001 0 spa d a9781512943351 (e-book) a(MiAaPQ)EBC4909026 a(Au-PeEL)EBL4909026 a(CaPaEBR)ebr11410557 a(OCoLC)1105394301 aFINmELBbspaerdacFINmELB 4aSF431bH558 2012 a636.70 a636.708872231 aHernández Garzón, Pablo.10aManual de etología canina /cPablo Hernández Garzón. 1aZaragoza :bServet editorial - Grupo Asís Biomedia S.L.,c[2012] a1 recurso en línea (viii, 204 páginas) atextobtxt2rdacontent/spa acomputadorabc2rdamedia/spa arecurso en líneabcr2rdacarrier/spa aContiene índice. aDescripción basada en recurso en línea; Título de la página del título en PDF (e-libro, visto September 08, 2017). 0aDogsxTraining. 4aPerrosxAdiestramiento. 0aEthology. 4aEtología. 4aLibros electrónicos.40uhttps://elibro.net/ereader/politecnicointernacional/59417